000 00412nam a2200145Ia 4500
008 240729s9999 xx 000 0 und d
022 _a2772-3658
245 0 _aJournal of Applied Sciences and Clinical Practice
260 _aIndia
260 _bWolters Kluwer Medknow Publications
650 _aMedicine
856 _uhttps://doaj.org/toc/529cd5c5dfcf45b386fbd1a9730447cf
942 _2ddc
942 _cDOAJEJ
999 _c68434
_d68434
945 _a1
_bMadushi Gamage
_c1
_dMadushi Gamage